000 00853nam a2200181Ia 4500
003 GCL
008 140319s9999 xx 000 0 ara d
040 _aGCL /
_cGCL
082 0 4 _a925
_bق ك
100 1 _aالقفطى : جمال الدين ابو الحسن على بن يوسف بن ابراهيم بن عبدالواحد بن موسى الشيبانى
245 1 0 _aكتاب اخبار العلماء اخبار الحكماء /
_cالقفطى : جمال الدين ابو الحسن على بن يوسف بن ابراهيم بن عبدالواحد بن موسى الشيبانى
260 _a[S.N] :
_bمكتبة المتنبى
490 _a
650 0 4 _aالحضارة العربية الاسلامية - المعارف البحرية
650 0 4 _aالعلوم عند العرب
650 0 4 _aالعلماء العرب
942 _2ddc
_cBK
999 _c31449
_d31449